Statistiques concernant Musique - Clefs

Cliquez ici pour prendre le quiz!

Statistiques générales

  • Ce quiz a été pris 18 fois
  • Le résultat moyen est 5 sur 8

Statistiques - réponses

Réponse% Correct
Clef de fa 4
100%
Clef de sol
100%
Clef d'ut 3
71%
Clef de fa 3
64%
Clef d'ut 1
57%
Clef d'ut 2
57%
Clef d'ut 4
57%
Clef pour percussions
7%

Distribution des résultats

Percentile par nombre de réponses

% des personnes avec chaque résultat

Votre développement - résultats

Vous n’avez pas pris ce quiz